LEADER 00559nab a2200145 i 4500 001 000000262141 003 CaOOAMICUS 005 20050718000000.0 008 050718n xx uu u0 0und r 013 $a3350 040 $aSeMil$bita 245 10$aQuaresima tempo della prova. - 16 p. - Titolo principale dalla prima pagina. 500 $a22 febbraio 2004. 773 0 $t[2004 : Gennaio-Giugno].$dBologna : Centro Editoriale Dehoniano, 2004.$w()138646 996 $6245$aQuaresima tempo della prova. - 16 p. - Titolo principale dalla prima pagina.$9(OLS)http://semarc/title/355865 LEADER 00932nam a2200253 4500 001 000000362991 003 CaOOAMICUS 005 20250606152951.0 008 250528s2022 it 000 u ita r 020 $a978-88-923949-2-6 040 $aSeMil$bita 100 1 $aBorghi, Arianna.$0(OLS)http://semarc/name/122109 245 10$aIo, Arianna /$cArianna Borghi. 264 1$a[S.l. :$bs.n.]$e(Italia :$fGedi ,$g2022) 300 $a200 p. ;$c18 cm 650 4$aDisabili - Diari e memorie.$0(OLS)http://semarc/subject/29421 850 $aSeMil 852 $aSeMil$W1$xVenegono$y1$m3J I 436$j257959$B253867$CSeMilBibl$Z2$F253867 $81 941 1 $a7 961 $aOmaggio mons. Mario Delpini 996 $6020$a978-88-923949-2-6$9(OLS)http://semarc/number/303255 996 $6245$aIo, Arianna$9(OLS)http://semarc/title/454015 996 $6264$a[S.l. :$bs.n.]$9(OLS)http://semarc/publisher/29751